Défense et illustration de la Renaissance (notice n° 2024931)

détails MARC
000 -LEADER
fixed length control field 01642cam a2200133 4500500
005 - DATE AND TIME OF LATEST TRANSACTION
control field 20260329070135.0
041 ## - LANGUAGE CODE
Language code of text/sound track or separate title fre
042 ## - AUTHENTICATION CODE
Authentication code dc
100 10 - MAIN ENTRY--PERSONAL NAME
Personal name Le Gall, Jean-Marie
Relator term author
245 00 - TITLE STATEMENT
Title Défense et illustration de la Renaissance
260 ## - PUBLICATION, DISTRIBUTION, ETC.
Name of publisher, distributor, etc. Presses Universitaires de France,<br/>
Date of publication, distribution, etc. 2018.<br/>
520 ## - SUMMARY, ETC.
Summary, etc. La Renaissance est accusée de nourrir le roman de la supériorité européenne, technique, culturelle et économique. Elle est également à l’origine des figures contestées de l’État et d’une première mondialisation, forcément brutale et malheureuse. Quant à l’humanisme, il a légué l’élitisme scolaire et un spécisme en faveur de l’homme au détriment de l’animal. Bref, la période illustre toutes les dérives de l’esprit moderne, individualiste et narcissique, dont le transhumanisme serait le dernier avatar.Ce livre expose le bien fondé de certaines critiques, mais aussi les fantasmes qu’elles mobilisent. Il revient notamment sur la genèse du terme, la Renaissance s’opposant au «Moyen Âge» inventé au XVIe siècle par des hommes qui voulaient faire renaître l’Antiquité, ainsi que sur le Quattrocento italien, son véritable modèle, et sur les Réformes religieuses qui ont marqué la naissance de la modernité. Tenant compte des critiques, de l’historiographie ancienne et la plus récente, l’ouvrage propose de fixer les principaux traits de la Renaissance que l’on peut retenir aujourd’hui. Non, la Renaissance n’est pas morte.
856 41 - ELECTRONIC LOCATION AND ACCESS
Uniform Resource Identifier <a href="https://shs.cairn.info/defense-et-illustration-de-la-renaissance--9782130730385?lang=fr&redirect-ssocas=7080">https://shs.cairn.info/defense-et-illustration-de-la-renaissance--9782130730385?lang=fr&redirect-ssocas=7080</a>

Pas d'exemplaire disponible.

PLUDOC

PLUDOC est la plateforme unique et centralisée de gestion des bibliothèques physiques et numériques de Guinée administré par le CEDUST. Elle est la plus grande base de données de ressources documentaires pour les Étudiants, Enseignants chercheurs et Chercheurs de Guinée.

Adresse

627 919 101/664 919 101

25 boulevard du commerce
Kaloum, Conakry, Guinée

Réseaux sociaux

Powered by Netsen Group @ 2025